000 00478nam a2200169Ia 4500
003 LK-CoDNM
005 20241204102255.0
008 010623t xxu||||| |||| 00| 1 sin d
040 _aLK-CoDNM
_dLK-CoDNM
_eLK-CoDNM
041 _asin
080 _a294.3:726.1(571)
_bSAI
245 _aශෛලතලාරාම මහා විහාර වර්ණනාව
246 _aSailatalarama Maha Vihara Warnanawa
300 _b8p. ; 18 cm
650 _aBuddhism
942 _cBK
999 _c141229
_d141229